| 000 | 01118nam a22003377a 4500 | ||
|---|---|---|---|
| 001 | 000688 | ||
| 003 | DO-SdBPM | ||
| 005 | 20260319095853.0 | ||
| 007 | ta | ||
| 008 | 161114b2008 mx a ||||| |||| 00| 0 spa d | ||
| 020 | _a9789705801921 | ||
| 040 |
_aDO-SdBPM _bspa _cBPMSU _erda |
||
| 082 | 0 | 4 |
_a811.54 _bA417p 2008 _222 |
| 100 | 1 |
_aGarcía, Edgar Allan, _d1958- _eautor _4aut. |
|
| 245 | 1 | 0 |
_aPalabrujas / _cEdgar Allan García ; ilustraciones de Eduardo Cornejo. |
| 250 | _a | ||
| 264 |
_aMéxico, D. F. : _bAlfaguara Infantil, _c2008. |
||
| 300 |
_a54 páginas : _bilustraciones ; _c20 cm. |
||
| 336 |
_atexto _btxt _2rdacontent |
||
| 337 |
_asin mediación _bn _2rdamedia |
||
| 338 |
_avolumen _bnc _2rdacarrier |
||
| 490 | 0 | _aAlfaguara Infantil | |
| 500 | _aPara niños a partir de los 8 años. | ||
| 590 | _aInventariado, 2026/VM | ||
| 650 | 7 | _aPoesías infantiles estadounidenses | |
| 650 | 7 |
_aMemoria _v Poesías infantiles |
|
| 650 | 7 |
_aSecretos _vPoesías infantiles |
|
| 700 | 1 |
_aCornejo, Eduardo, _eilustración |
|
| 910 | _aVMateo V. Control de calidad. BPMSU | ||
| 942 |
_2ddc _cBK |
||
| 999 |
_c11922 _d11922 |
||